Score 0/12 Timer 03:00
0 Plays Today
% Correct
James
89.9%
Harry
88.8%
Grover
87.6%
Zachary
86%
Andrew
86%
Thomas
84.8%
Gerald
84.3%
Abraham
82%
Franklin
80.9%
Chester
79.8%
William
72.5%
John
68%
Remove Ads.
Support Sporcle.
Get the best of Sporcle when you Go Orange. This ad-free experience offers more features, more stats, and more fun while also helping to support Sporcle. Thank you for becoming a member.

You're not logged in!

Compare scores with friends on all Sporcle quizzes.
OR
Log In

Show Comments

Extras

Top Quizzes Today


Score Distribution

Your Account Isn't Verified!

In order to create a playlist on Sporcle, you need to verify the email address you used during registration. Go to your Sporcle Settings to finish the process.

Report this User

Report this user for behavior that violates our Community Guidelines.

Details: